| 000 | 01195cab a22002295a 4500 | ||
|---|---|---|---|
| 001 | L139722 | ||
| 008 | 070806e20070804xxk f 000 0 eng d | ||
| 035 | _a(Sirsi) u139722 | ||
| 041 | 0 | _aeng | |
| 100 | 1 | _aPedro, Melvin | |
| 245 | 0 | 2 | _aA much smoother path to acquisition |
| 260 | _c2007 | ||
| 490 |
_aEstates Gazette _v(0731) 4 August 2007, 72-74(3) |
||
| 520 | _aDescribes changes in legislation applying to special purpose vehicles (SPVs). The Companies Act 2006 simplifies the process of acquiring a company?s shares in order to obtain a property it owns, rather than purchasing the property. It also removes some restrictions. Prior to this Act, the price would have to be at or above the market value for the property to avoid restrictions on companies giving financial assistance to their own purchaser. Banks will now find financing such transactions more attractive. SPVs are also likely to be cheaper and faster. | ||
| 590 | _aKA | ||
| 650 | 2 | 4 | _aCOMPANIES ACT 2006 |
| 650 | 2 | 4 | _aCOMPANIES ACT 1985 |
| 650 | 2 | 4 | _aAVELINE BARFORD LTD V PERION LTD |
| 651 | 4 |
_aUnited Kingdom _y |
|
| 690 | _aPROPERTY-BUSINESS ASSETS-ACQUISITION AND DISPOSAL OF BUSINESS ASSETS | ||
| 942 | _n0 | ||
| 999 |
_c79069 _d79069 |
||